[Event "ISL-chT Kvika 2223"]
[Site "Reykjavik"]
[Date "2023.03.18"]
[Round "9.1"]
[White "Thorfinnsson, Bjorn"]
[Black "Einarsson, Arnthor"]
[Result "1-0"]
[WhiteElo "2369"]
[BlackElo "2183"]
[PlyCount "43"]
[EventDate "2022.10.13"]
[EventType "team-tourn"]
[EventRounds "10"]
[EventCountry "ISL"]
[SourceTitle "CBM 213 Extra"]
[Source "ChessBase"]
[SourceDate "2023.05.31"]
[SourceVersion "1"]
[SourceVersionDate "2023.05.31"]
[SourceQuality "1"]
[WhiteTeam "Vikingaklubburinn"]
[BlackTeam "Skakdeild KR"]
[WhiteTeamCountry "ISL"]
[BlackTeamCountry "ISL"]

1. d4 Nf6 2. Nf3 e6 3. Bg5 d5 4. e3 c5 5. c3 Nc6 6. Nbd2 cxd4 7. exd4 Be7 8. Bd3 h6 9. Bh4 0-0 10. Qe2 Nh5 11. Bg3 f5 12. Ne5 Nxg3 13. hxg3 Nxe5 14. Qxe5 Bd6 15. Qe2 e5 16. dxe5 Bxe5 17. 0-0-0 Re8 18. Qh5 d4 19. Nf3 Bf6 20. Nxd4 Re5 21. Bc4+ Kh8 22. Nf3 1-0

[Event "ISL-chT Kvika 2223"]
[Site "Reykjavik"]
[Date "2022.10.15"]
[Round "3.1"]
[White "Einarsson, Arnthor"]
[Black "Finnsson, Johann Arnar"]
[Result "1-0"]
[WhiteElo "2173"]
[BlackElo "1891"]
[PlyCount "93"]
[EventDate "2022.10.13"]
[EventType "team-tourn"]
[EventRounds "10"]
[EventCountry "ISL"]
[SourceTitle "CBM 213 Extra"]
[Source "ChessBase"]
[SourceDate "2023.05.31"]
[SourceVersion "1"]
[SourceVersionDate "2023.05.31"]
[SourceQuality "1"]
[WhiteTeam "Skakdeild KR"]
[BlackTeam "Skakdeild Fjolnis"]
[WhiteTeamCountry "ISL"]
[BlackTeamCountry "ISL"]

1. d4 d5 2. c4 e6 3. Nc3 Nf6 4. Bg5 Nbd7 5. Nf3 c6 6. e3 Bd6 7. Qc2 0-0 8. Bd3 h6 9. Bh4 dxc4 10. Bxc4 b5 11. Bd3 Bb7 12. e4 e5 13. dxe5 Nxe5 14. Nxe5 Bxe5 15. 0-0 Qb8 16. h3 Nh5 17. Be7 Re8 18. Bc5 Nf4 19. Ne2 a6 20. Nxf4 Bxf4 21. Rae1 Qe5 22. b4 Rad8 23. Qb3 Re6 24. Bb1 Rg6 25. Rd1 Rxd1 26. Rxd1 Qg5 27. Qf3 Bc8 28. e5 Re6 29. Qxf4 Re8 30. Qxg5 hxg5 31. Be7 g4 32. hxg4 Bxg4 33. f3 Be6 34. Rd8 Rxd8 35. Bxd8 Kf8 36. a3 Ke8 37. Bg5 Kd7 38. Kf2 Bc4 39. Bf5+ Kc7 40. Ke3 g6 41. Bh3 Bd5 42. Kd4 Bc4 43. Kc5 Bd5 44. Bf4 Kb7 45. Kd6 Bc4 46. Bd7 Bd5 47. Be3 1-0

[Event "ISL-chT Kvika 2223"]
[Site "Reykjavik"]
[Date "2022.10.14"]
[Round "2.1"]
[White "Einarsson, Arnthor"]
[Black "Einarsson, Halldor Gretar"]
[Result "1/2-1/2"]
[WhiteElo "2173"]
[BlackElo "2226"]
[PlyCount "55"]
[EventDate "2022.10.13"]
[EventType "team-tourn"]
[EventRounds "10"]
[EventCountry "ISL"]
[SourceTitle "CBM 213 Extra"]
[Source "ChessBase"]
[SourceDate "2023.05.31"]
[SourceVersion "1"]
[SourceVersionDate "2023.05.31"]
[SourceQuality "1"]
[WhiteTeam "Skakdeild KR"]
[BlackTeam "Breidjblik Skakdeild"]
[WhiteTeamCountry "ISL"]
[BlackTeamCountry "ISL"]

1. d4 Nf6 2. c4 g6 3. Nc3 d5 4. Nf3 Bg7 5. g3 0-0 6. Bg2 c6 7. 0-0 h6 8. Qb3 dxc4 9. Qxc4 b5 10. Qd3 Bf5 11. e4 Be6 12. d5 b4 13. Ne5 Bc8 14. Ne2 Ba6 15. Nc4 cxd5 16. exd5 Nbd7 17. b3 Ne5 18. Qd2 Nxc4 19. bxc4 Bxc4 20. Rd1 Nxd5 21. Bb2 Nc3 22. Bxc3 Qxd2 23. Bxd2 Rad8 24. Bxb4 Bxa1 25. Rxa1 Rb8 26. Bxe7 Rfe8 27. Nd4 Rxe7 28. Nc6 1/2-1/2

[Event "ISL-chT 1718"]
[Site "Reykjavik"]
[Date "2017.10.20"]
[Round "2.1"]
[White "Einarsson, Arnthor"]
[Black "Kjartansson, David"]
[Result "0-1"]
[WhiteElo "2255"]
[BlackElo "2386"]
[PlyCount "106"]
[EventDate "2017.10.19"]
[EventType "team-tourn"]
[EventRounds "9"]
[EventCountry "ISL"]
[SourceTitle "CBM 181 Extra"]
[Source "ChessBase"]
[SourceDate "2017.12.12"]
[SourceVersion "1"]
[SourceVersionDate "2017.12.12"]
[SourceQuality "1"]
[WhiteTeam "KR CC"]
[BlackTeam "Fjolnis"]
[WhiteTeamCountry "ISL"]
[BlackTeamCountry "ISL"]

1. d4 d5 2. Nf3 Nf6 3. c4 dxc4 4. e3 Bg4 5. Bxc4 e6 6. 0-0 a6 7. Nbd2 Nbd7 8. Be2 Bd6 9. Nc4 0-0 10. b3 b5 11. Nxd6 cxd6 12. Nd2 Bxe2 13. Qxe2 Qa5 14. Bb2 Rfc8 15. Qd3 Rc6 16. a3 Rac8 17. Rfc1 d5 18. Rxc6 Rxc6 19. Rc1 Rxc1+ 20. Bxc1 Ne4 21. Nxe4 dxe4 22. Qd2 Qc7 23. Bb2 Nf6 24. Qc3 Qxc3 25. Bxc3 Kf8 26. Kf1 Ke7 27. Ke2 Kd6 28. h3 Kd5 29. Kd2 Nd7 30. Kc2 Nb8 31. Bd2 Nc6 32. Bb4 h5 33. Bf8 g6 34. Bg7 f5 35. Bf6 a5 36. f4 a4 37. Bh4 Na5 38. bxa4 bxa4 39. Kc3 Nc4 40. Bf2 Nxa3 41. Kb4 Nc2+ 42. Kc3 Na1 43. Kb4 Nb3 44. Be1 Nc1 45. Bd2 Nd3+ 46. Kxa4 Kc4 47. Ka5 Nf2 48. Kb6 Kd3 49. Bc1 Nd1 50. Kc5 Nxe3 51. Kd6 Kxd4 52. g3 Nf1 53. Kxe6 e3 0-1

[Event "ISL-chT 1617"]
[Site "Reykjavik"]
[Date "2017.03.04"]
[Round "9.5"]
[White "Karason, Askell Orn"]
[Black "Einarsson, Arnthor"]
[Result "0-1"]
[WhiteElo "2316"]
[BlackElo "2257"]
[PlyCount "80"]
[EventDate "2016.09.29"]
[EventType "team-tourn"]
[EventRounds "9"]
[EventCountry "ISL"]
[SourceTitle "EXT 2018"]
[Source "ChessBase"]
[SourceDate "2017.10.13"]
[SourceVersion "1"]
[SourceVersionDate "2017.10.13"]
[SourceQuality "1"]
[WhiteTeam "Akureyri"]
[BlackTeam "KR CC"]
[WhiteTeamCountry "ISL"]
[BlackTeamCountry "ISL"]

1. d4 Nf6 2. c4 e6 3. Nc3 d5 4. cxd5 exd5 5. Bg5 Be7 6. e3 Nbd7 7. Qc2 h6 8. Bh4 c6 9. Bd3 0-0 10. Nge2 Re8 11. 0-0 Nh5 12. Bxe7 Qxe7 13. Rae1 Ndf6 14. Nd1 Bd7 15. f3 g6 16. e4 dxe4 17. fxe4 g5 18. Ndc3 c5 19. e5 cxd4 20. exf6 Qe3+ 21. Kh1 dxc3 22. Qxc3 Rac8 23. Qb3 Qe6 24. Qxe6 Bxe6 25. Nc3 Nf4 26. Be4 Bc4 27. Rg1 b6 28. g3 Nh3 29. Rg2 Re6 30. Rd2 Rce8 31. Kg2 g4 32. b3 Ba6 33. Rd7 Rxf6 34. Rxa7 Rf2+ 35. Kh1 Bd3 36. Ra8 Bxe4+ 37. Nxe4 Rxa8 38. Nxf2 Nxf2+ 39. Kg2 Rxa2 40. Re8+ Kg7 0-1

[Event "ISL-chT 1617"]
[Site "Reykjavik"]
[Date "2017.03.03"]
[Round "7.5"]
[White "Einarsson, Arnthor"]
[Black "Ingvason, Johann"]
[Result "1/2-1/2"]
[WhiteElo "2257"]
[BlackElo "2123"]
[PlyCount "66"]
[EventDate "2016.09.29"]
[EventType "team-tourn"]
[EventRounds "9"]
[EventCountry "ISL"]
[SourceTitle "EXT 2018"]
[Source "ChessBase"]
[SourceDate "2017.10.13"]
[SourceVersion "1"]
[SourceVersionDate "2017.10.13"]
[SourceQuality "1"]
[WhiteTeam "KR CC"]
[BlackTeam "Reykjanesbaejar"]
[WhiteTeamCountry "ISL"]
[BlackTeamCountry "ISL"]

1. d4 g6 2. c4 Bg7 3. Nf3 Nf6 4. g3 0-0 5. Bg2 d6 6. Nc3 Nbd7 7. 0-0 e5 8. h3 c6 9. e4 c5 10. dxe5 dxe5 11. Qc2 Ne8 12. Nd5 Nc7 13. Nxc7 Qxc7 14. Rd1 Nb8 15. Be3 b6 16. b4 cxb4 17. c5 Bb7 18. Rac1 bxc5 19. Bxc5 Rc8 20. Bxb4 Qxc2 21. Rxc2 Na6 22. Rxc8+ Rxc8 23. Bd6 Rd8 24. Rd2 Bxe4 25. Bxe5 Rxd2 26. Nxd2 Bxg2 27. Bxg7 Bxh3 28. Bd4 Nb4 29. Bxa7 Nxa2 30. Ne4 h5 31. Nf6+ Kf8 32. Bc5+ Kg7 33. Bd4 Kf8 1/2-1/2

[Event "EU-chT Seniors"]
[Site "Thessaloniki"]
[Date "2011.05.08"]
[Round "6"]
[White "Titz, Heimo"]
[Black "Einarsson, Arnthor"]
[Result "0-1"]
[WhiteElo "2183"]
[BlackElo "2227"]
[PlyCount "60"]
[EventDate "2011.05.03"]
[EventType "team-swiss"]
[EventRounds "9"]
[EventCountry "GRE"]
[SourceTitle "CBM 142 Extra"]
[Source "ChessBase"]
[SourceDate "2011.06.27"]
[SourceVersion "1"]
[SourceVersionDate "2011.06.27"]
[SourceQuality "1"]
[WhiteTeam "Niederoesterreich"]
[BlackTeam "Iceland"]
[WhiteTeamCountry "AUT"]
[BlackTeamCountry "ISL"]

1. c4 e5 2. Nc3 Nc6 3. g3 g6 4. Bg2 Bg7 5. Nf3 d6 6. 0-0 Be6 7. d3 h6 8. Rb1 Qd7 9. b4 f5 10. b5 Nd8 11. Qb3 Ne7 12. Nd5 0-0 13. a4 Nxd5 14. cxd5 Bf7 15. Nd2 b6 16. Qc4 Nb7 17. Nb3 Nc5 18. Bd2 Rae8 19. Ra1 Kh7 20. a5 Nxb3 21. Qxb3 bxa5 22. Rxa5 Rb8 23. Rc1 a6 24. Rc6 Qxc6 25. dxc6 Bxb3 26. bxa6 Rb6 27. a7 Ra8 28. Bc1 Be6 29. Be3 Rb1+ 30. Bf1 f4 0-1

[Event "SWE-chT 9293"]
[Site "Sweden"]
[Date "1992.??.??"]
[Round "4"]
[White "Svenn, Gosta"]
[Black "Einarsson, Arnthor"]
[Result "1/2-1/2"]
[WhiteElo "2350"]
[BlackElo "2250"]
[PlyCount "103"]
[EventDate "1992.??.??"]
[EventType "team-tourn"]
[EventRounds "9"]
[EventCountry "SWE"]
[SourceTitle "EXT 2006"]
[Source "ChessBase"]
[SourceDate "2005.11.24"]
[SourceVersion "1"]
[SourceVersionDate "2005.11.24"]
[SourceQuality "1"]

1. c4 e5 2. Nc3 Nc6 3. g3 d6 4. Bg2 Be6 5. d3 Qd7 6. Nd5 Nd8 7. e4 c6 8. Ne3 Nf6 9. f4 g6 10. Ne2 Bg7 11. 0-0 Bh3 12. Bd2 h5 13. f5 Bxg2 14. Kxg2 d5 15. cxd5 cxd5 16. exd5 Nxd5 17. Nc3 Nxc3 18. Bxc3 Nc6 19. fxg6 fxg6 20. Qb3 h4 21. g4 Bh6 22. Rae1 Bxe3 23. Rxe3 Qxg4+ 24. Kh1 0-0-0 25. Rf7 Rd7 26. h3 Qg5 27. Rxd7 Kxd7 28. Qxb7+ Kd6 29. Bb4+ Nxb4 30. Qxb4+ Kd5 31. Qc4+ Kd6 32. Qb4+ Kd5 33. Qe4+ Kd6 34. d4 Rc8 35. Qxe5+ Qxe5 36. dxe5+ Ke6 37. Re2 a5 38. Kg2 Rc4 39. Kf3 g5 40. Re4 Rc2 41. Re2 Rc4 42. Re4 Rc1 43. Rg4 Kf5 44. e6 Re1 45. Ra4 Kxe6 46. Re4+ Rxe4 47. Kxe4 a4 48. a3 Kd6 49. Kf5 Kc5 50. Kxg5 Kc4 51. Kxh4 Kb3 52. Kg5 1/2-1/2

[Event "Lloyds Bank op 11th"]
[Site "London"]
[Date "1987.??.??"]
[Round "7"]
[White "Hebden, Mark"]
[Black "Einarsson, Arnthor"]
[Result "1-0"]
[WhiteElo "2515"]
[BlackElo "2295"]
[PlyCount "105"]
[EventDate "1987.08.??"]
[EventType "swiss"]
[EventRounds "11"]
[EventCountry "ENG"]
[SourceTitle "TD"]
[Source "ChessBase"]
[SourceDate "1994.03.01"]
[SourceVersion "1"]
[SourceVersionDate "1994.03.01"]
[SourceQuality "1"]

1. e4 c6 2. d4 d5 3. exd5 cxd5 4. c4 Nf6 5. Nc3 e6 6. Nf3 Be7 7. cxd5 Nxd5 8. Bd3 Nc6 9. 0-0 0-0 10. Re1 b6 11. Nxd5 Qxd5 12. Be4 Qd6 13. Qc2 Bb7 14. Bxh7+ Kh8 15. Be4 Bf6 16. Qe2 Nxd4 17. Nxd4 Bxe4 18. Nxe6 Qxe6 19. Qxe4 Qxe4 20. Rxe4 Rfd8 21. Be3 Bxb2 22. Rb1 Bf6 23. g4 Rd5 24. Rc1 Rad8 25. Kg2 Kg8 26. Rc7 R5d7 27. Rcc4 g6 28. Ra4 Rc8 29. Ra6 Bc3 30. Ra3 Bb2 31. Rb3 Bc3 32. h4 Bd2 33. Rd4 Rcd8 34. Rbd3 Rxd4 35. Rxd4 Rxd4 36. Bxd4 f5 37. gxf5 gxf5 38. Kf3 Kh7 39. Be3 Bxe3 40. fxe3 Kg6 41. Kf4 b5 42. h5+ Kf6 43. h6 b4 44. h7 Kg7 45. Kxf5 a5 46. Ke4 Kxh7 47. Kd4 a4 48. Kc4 b3 49. axb3 axb3 50. Kxb3 Kg6 51. Kc4 Kf5 52. Kd5 Kf6 53. e4 1-0

[Event "SWE-chT fin"]
[Site "Eksjo"]
[Date "1986.??.??"]
[Round "2"]
[White "Carleson, Caspar"]
[Black "Einarsson, Arnthor"]
[Result "1-0"]
[WhiteElo "2448"]
[BlackElo "2296"]
[PlyCount "74"]
[EventDate "1986.??.??"]
[EventType "team-tourn"]
[EventRounds "3"]
[EventCountry "SWE"]
[SourceTitle "EXT 2002"]
[Source "ChessBase"]
[SourceDate "2001.11.25"]
[SourceVersion "1"]
[SourceVersionDate "2001.11.25"]
[SourceQuality "1"]

1. d4 Nf6 2. c4 e6 3. g3 d5 4. Bg2 dxc4 5. Qa4+ Nbd7 6. Nd2 c6 7. Qxc4 e5 8. dxe5 Nxe5 9. Qc2 Qb6 10. Ngf3 Nxf3+ 11. Nxf3 Bb4+ 12. Nd2 0-0 13. 0-0 Be6 14. Nc4 Qb5 15. b3 Rad8 16. Bb2 Qg5 17. Rad1 Bf5 18. e4 Bg4 19. f3 Be6 20. Bc1 Qc5+ 21. Be3 Qe7 22. Qf2 Bxc4 23. bxc4 c5 24. Qb2 Rxd1 25. Rxd1 Rd8 26. Qc2 Rxd1+ 27. Qxd1 Qd7 28. Qc2 h6 29. e5 Qe7 30. f4 Nd7 31. Qd3 b6 32. Bd5 Nf8 33. Kg2 g6 34. Qe4 Kg7 35. Qd3 Kg8 36. f5 Qxe5 37. fxg6 Nxg6 1-0

[Event "SWE-chT fin"]
[Site "Eksjo"]
[Date "1986.??.??"]
[Round "3"]
[White "Einarsson, Arnthor"]
[Black "Ebenfelt, Anders"]
[Result "1-0"]
[WhiteElo "2296"]
[BlackElo "2293"]
[PlyCount "59"]
[EventDate "1986.??.??"]
[EventType "team-tourn"]
[EventRounds "3"]
[EventCountry "SWE"]
[SourceTitle "EXT 2002"]
[Source "ChessBase"]
[SourceDate "2001.11.25"]
[SourceVersion "1"]
[SourceVersionDate "2001.11.25"]
[SourceQuality "1"]

1. d4 Nf6 2. c4 e5 3. dxe5 Ng4 4. Bf4 Nc6 5. Nf3 Bb4+ 6. Nbd2 Qe7 7. e3 Ngxe5 8. Nxe5 Nxe5 9. Be2 b6 10. 0-0 Bxd2 11. Qxd2 Bb7 12. Qc3 d6 13. c5 0-0 14. cxd6 cxd6 15. Rfd1 Rfd8 16. Qa3 Qf6 17. Rd2 Qg6 18. Bg3 h5 19. Rd4 Rd7 20. Rad1 Rc8 21. Bf1 Qf5 22. e4 Bxe4 23. Qe3 Bc6 24. Rxd6 Rxd6 25. Rxd6 Nc4 26. Bxc4 Qb1+ 27. Bf1 Bb5 28. h4 Bxf1 29. Kh2 Bd3 30. Qxd3 1-0